| 000 | 00000nam##2200000za#4500 |
| 001 | 9.613036 |
| 003 | CaOODSP |
| 005 | 20200327130046 |
| 007 | ta |
| 008 | 150406|1996||||xxc||||| f|0| 0 eng|d |
| 022 | |a0706-6457 |
| 040 | |aCaOODSP|beng |
| 043 | |an-cn--- |
| 086 | 1 |aFs97-6/2104E |
| 110 | 1 |aCanada. |bDepartment of Fisheries and Oceans. |
| 245 | 10|aSeasonal changes in the body organs of cultured sea scallop, Placopecten magellanicus, and coincidence of spawning with water temperature, seston, and phytoplankton community dynamics / |cby R. W. Penney and C. H. McKenzie. |
| 260 | |aOttawa - Ontario : |bFisheries and Oceans Canada |c1996. |
| 300 | |aiv, 15p.|bgraphs, references |
| 490 | 1 |aCanadian technical report of fisheries and aquatic sciences|x0706-6457|v2104 |
| 546 | |aRésumés en français |
| 563 | |aSoftcover |
| 590 | |a96-18|b1996-05-03 |
| 720 | 1 |aPenney, R. W. |
| 720 | 1 |aMcKenzie, C. H. |
| 776 | 0#|tSeasonal changes in the body organs of cultured sea scallop, Placopecten magellanicus, and coincidence of spawning with water temperature, seston, and phytoplankton community dynamics / |w(CaOODSP)9.574073 |
| 830 | #0|aCanadian technical report of fisheries and aquatic sciences,|x0706-6457|v2104|w(CaOODSP)9.514691 |